000 00515nam a2200169Ia 4500
005 20250508161950.0
008 008 250505s9999 xx 000 0 eng d
037 _aTextual
040 _aFEDL
_beng
_cFEDL
041 _aeng
_2eng
084 _a901.954, BOS
_qFEDL
100 _aBose Pramatha Nath
245 0 _aHistory of Hindu civilisation during British rules, 3 V
260 _aNew Delhi, India
_bAsian Publication Services
_c1975
942 _cTEXL
_h901.954, BOS
999 _c1373543
_d1373543